Pays les moins alphabétisés - Statistiques

Statistiques générales
  • Ce quiz a été pris 132 fois
  • Le résultat moyen est 17 sur 24
Statistiques - réponses
Taux d'alphabétisation (en %) Pays % Correct
11,45 Somalie
92%
30,11 Mali
88%
28,7 Niger
87%
37,3 Guinée
86%
35,9 Ethiopie
82%
56,4 Nigeria
82%
24,96 Soudan du Sud
82%
53,2 Togo
82%
41,7 Bénin
80%
52,2 Guinée-Bissau
80%
57,5 Mauritanie
80%
49,7 Sénégal
79%
55,2 République centrafricaine
76%
33,6 Tchad
76%
46,5 Gambie
72%
29,7 Burkina Faso
71%
55,3 Côte d'Ivoire
69%
55,1 Mozambique
67%
29,06 Afghanistan
66%
40,9 Sierra Leone
66%
58,2 Pakistan
55%
55,9 Bangladesh
53%
52,8 Bhoutan
39%
50,1 Timor oriental
24%
Aucun quiz correspondant
Distribution des résultats
% des personnes avec chaque résultat
Percentile par nombre de réponses
Votre historique - résultats
Vous n’avez pas pris ce quiz